000 01111nam0a2200337 4500
001 RU\NLR\BIBL_A\022518552
005 20250828105926.0
010 _a978-5-17-168596-6
_93000
021 _aRU
_bКН-П-25-042894
_9КН-П-25-4176
021 _aRU
_bКН-П-25-009243
_9КН-П-25-0932
035 _a(NLR Aleph) 022518552
090 _a13446594
_c13446594
100 _a20250410d2025 u y0rusy50 ca
101 0 _arus
102 _aRU
105 _aa z 000ay
181 0 _ai
_bxxxe
182 0 _an
200 1 _aЗапечатление
_fАнастасия Князь
203 _aТекст
_bвизуальный
_cнепосредственный
210 _aМосква
_cАСТ
_d2025
215 _a413, [2] с., [3] л. цв. ил.
_cил.
_d21
225 1 _aФэнтези
_iБромансы
333 _a18+
686 2 _aШ6(2=Р)8-445
700 1 _aКнязь
_bА.
_f1993-
_gАнастасия
_3RU\NLR\AUTH\770268938
942 _cBOOK
980 _aNB